| 000 | 00598nam a2200217 i 4500 | ||
|---|---|---|---|
| 001 | 11769 | ||
| 003 | ES-MaACL | ||
| 005 | 20230906150154.0 | ||
| 007 | t| | ||
| 008 | 961022s1995 fr ||||1| fre d | ||
| 020 | _a2-260-01323-6 | ||
| 080 | _a343.352 | ||
| 080 | _a328.185 | ||
| 100 | 1 |
_aEtchegoyen, Alain. _948274 |
|
| 245 | 1 | 3 |
_aLe corrupteur et le corrompu / _cAlain Etchegoyen. |
| 260 |
_aParis : _bJulliard, _c1995. |
||
| 300 |
_a226 p. ; _c21 cm. |
||
| 650 | 1 | 4 |
_aCorrupción administrativa. _911378 |
| 650 | 4 |
_aCorrupción política. _911379 |
|
| 852 |
_aES-MaACL _jL-19066 _bR.124688 |
||
| 999 |
_c11769 _d11769 |
||